[Event "25. Copenhagen Open  (Politiken Cup)"]
[Site "Copenhagen"]
[Date "2003.07.16"]
[Round "3"]
[White "Larsen, Allan"]
[Black "Jessen, Simon Pind"]
[Result "0-1"]
[WhiteElo "2160"]
[BlackElo "2085"]
[PlyCount "86"]
[EventDate "2003.07.14"]
[EventType "swiss"]
[EventRounds "11"]
[EventCountry "DEN"]
[SourceDate "2004.01.01"]

1. Nf3 Nf6 2. g3 d5 3. Bg2 g6 4. d3 Bg7 5. O-O O-O 6. Nbd2 c5 7. e4 Nc6 8. Re1
h6 9. Nh4 Be6 10. e5 Ng4 11. f4 Qb6 12. Ndf3 g5 13. h3 gxh4 14. hxg4 Bxg4 15.
gxh4 Nd4 16. c3 Nf5 17. Qe2 Qg6 18. Qf2 e6 19. Kh2 Qh5 20. Be3 b6 21. Rh1 Bxf3
22. Bxf3 Qxh4+ 23. Kg2 Qxf2+ 24. Bxf2 Kh7 25. c4 Rad8 26. cxd5 Rg8 27. Kf1 exd5
28. Bg4 Ne7 29. Ke2 Bxe5 30. Rxh6+ Kxh6 31. Rh1+ Kg7 32. fxe5 Ng6 33. Bg3 Rde8
34. Bf5 Nxe5 35. Kd2 Ng6 36. Rg1 Kh6 37. Bd7 Re7 38. Bc6 c4 39. Bf2 cxd3 40.
Bd4 Re2+ 41. Kxd3 Nf4+ 42. Kc3 Rxg1 43. Bxg1 Re6 0-1

[Event "25. Copenhagen Open  (Politiken Cup)"]
[Site "Copenhagen"]
[Date "2003.07.16"]
[Round "3"]
[White "Larsen, Ulrik"]
[Black "Anders, Maik"]
[Result "1/2-1/2"]
[WhiteElo "1951"]
[BlackElo "1558"]
[PlyCount "87"]
[EventDate "2003.07.14"]
[EventType "swiss"]
[EventRounds "11"]
[EventCountry "DEN"]
[SourceDate "2004.01.01"]

1. e4 d5 2. exd5 Qxd5 3. Nc3 Qa5 4. d4 Nf6 5. Nf3 Bf5 6. Bc4 e6 7. Bd2 c6 8.
Qe2 Be7 9. d5 cxd5 10. Nxd5 Qd8 11. Nxe7 Qxe7 12. Bb5+ Nbd7 13. Nd4 Bg6 14. Bg5
O-O 15. O-O Rfd8 16. Rfe1 a6 17. Bd3 Bxd3 18. Qxd3 Nc5 19. Qe3 Ncd7 20. Rad1
Qc5 21. Qg3 Kh8 22. Qh4 h6 23. Be3 Qh5 24. Qxh5 Nxh5 25. c4 Nhf6 26. f3 Rac8
27. b3 g5 28. h4 gxh4 29. Bxh6 Rg8 30. Kh2 Rg6 31. Bc1 Rcg8 32. Re2 Nc5 33. Bb2
Kh7 34. Nc2 Nh5 35. Rd4 Ng3 36. Rxh4+ Rh6 37. Rxh6+ Kxh6 38. Re1 Nd3 39. Bc1+
Kh5 40. Rd1 Nxc1 41. Rxc1 Ne2 42. Re1 Nc3 43. Re3 Nxa2 44. g4+ 1/2-1/2

[Event "25. Copenhagen Open  (Politiken Cup)"]
[Site "Copenhagen"]
[Date "2003.07.16"]
[Round "3"]
[White "Larsson, Nicolai"]
[Black "Bjornes, Leif"]
[Result "0-1"]
[WhiteElo "1238"]
[BlackElo "1652"]
[PlyCount "104"]
[EventDate "2003.07.14"]
[EventType "swiss"]
[EventRounds "11"]
[EventCountry "DEN"]
[SourceDate "2004.01.01"]

1. e4 c6 2. d4 d5 3. Nc3 dxe4 4. Nxe4 Nf6 5. Nxf6+ gxf6 6. Bc4 Bf5 7. Be3 e6 8.
Ne2 Bd6 9. Qd2 Qc7 10. O-O-O Nd7 11. Bf4 O-O-O 12. Bxd6 Qxd6 13. Bd3 Bg6 14. h4
Bxd3 15. Qxd3 f5 16. g3 Nf6 17. f3 Rhg8 18. Rhg1 Nh5 19. g4 Nf4 20. Nxf4 Qxf4+
21. Kb1 fxg4 22. Qxh7 Rh8 23. Qe4 Qxe4 24. fxe4 Rxh4 25. c3 f5 26. exf5 exf5
27. Rdf1 Rh5 28. Rf4 Kd7 29. Rg2 Ke6 30. Kc2 Rg5 31. Kd3 Kf6 32. b4 Rh8 33. Kc4
Rh3 34. a4 g3 35. b5 Rh2 36. Rxh2 gxh2 37. Rh4 cxb5+ 38. axb5 Rg2 39. d5 Kg5
40. Rh8 Rd2 41. d6 Kg4 42. d7 Rxd7 43. Rxh2 f4 44. Rh8 f3 45. Rg8+ Kf4 46. Rf8+
Ke3 47. Re8+ Kd2 48. Rf8 Ke2 49. Re8+ Kf1 50. Kb3 f2 51. Kc2 Rf7 52. Kd2 Kg1
0-1

[Event "25. Copenhagen Open  (Politiken Cup)"]
[Site "Copenhagen"]
[Date "2003.07.16"]
[Round "3"]
[White "Laursen, Niels Norskov"]
[Black "Vik Hansen, Rune"]
[Result "1-0"]
[WhiteElo "2109"]
[BlackElo "1787"]
[PlyCount "45"]
[EventDate "2003.07.14"]
[EventType "swiss"]
[EventRounds "11"]
[EventCountry "DEN"]
[SourceDate "2004.01.01"]

1. e4 c5 2. Nf3 d6 3. d4 cxd4 4. Nxd4 Nf6 5. Nc3 a6 6. Bg5 e6 7. f4 Be7 8. Qf3
Qc7 9. O-O-O Nbd7 10. g4 b5 11. Bxf6 Nxf6 12. g5 Nd7 13. f5 Bxg5+ 14. Kb1 Ne5
15. Qh5 Qd8 16. h4 Bf6 17. fxe6 O-O 18. Bh3 g6 19. Qe2 Kh8 20. h5 Ra7 21. Nd5
Bg7 22. e7 Rxe7 23. Bxc8 1-0

[Event "25. Copenhagen Open  (Politiken Cup)"]
[Site "Copenhagen"]
[Date "2003.07.16"]
[Round "3"]
[White "Liden, Tommy"]
[Black "Lilja, Richard"]
[Result "0-1"]
[WhiteElo "1883"]
[BlackElo "2137"]
[PlyCount "92"]
[EventDate "2003.07.14"]
[EventType "swiss"]
[EventRounds "11"]
[EventCountry "DEN"]
[SourceDate "2004.01.01"]

1. e4 c5 2. Nf3 d6 3. d4 cxd4 4. Nxd4 Nf6 5. f3 Nc6 6. c4 Qb6 7. Nc2 g6 8. Nc3
Bg7 9. Nb5 a6 10. Be3 Qa5+ 11. Nc3 Be6 12. Qd2 O-O 13. Be2 Rfc8 14. b4 Nxb4 15.
Nxb4 Qxb4 16. Rb1 Qa5 17. Bb6 Qh5 18. h4 Bxc4 19. g4 Nxg4 20. fxg4 Qe5 21. Rh3
Bxe2 22. Nxe2 Qxe4 23. Rb4 Qg2 24. Qe3 Rc2 25. Rb3 Rac8 26. h5 Bh6 27. Qf2
Rxe2+ 28. Kxe2 Rc2+ 29. Ke1 Rc1+ 30. Ke2 Rc2+ 31. Ke1 Rxf2 32. Bxf2 Bd2+ 33.
Ke2 Bf4 34. Rbf3 Qxg4 35. hxg6 fxg6 36. Rh4 Qe6+ 37. Kf1 Bg5 38. Rb4 b5 39. a4
Qd5 40. Kg2 Bf6 41. axb5 axb5 42. Be1 g5 43. Kf2 Bd4+ 44. Kg3 Qe5+ 45. Kg2 g4
46. Rg3 Qe2+ 0-1

[Event "25. Copenhagen Open  (Politiken Cup)"]
[Site "Copenhagen"]
[Date "2003.07.16"]
[Round "3"]
[White "Madsen, Poul Henrik"]
[Black "Jensen, Jonbert"]
[Result "1-0"]
[WhiteElo "2080"]
[BlackElo "1376"]
[PlyCount "69"]
[EventDate "2003.07.14"]
[EventType "swiss"]
[EventRounds "11"]
[EventCountry "DEN"]
[SourceDate "2004.01.01"]

1. d4 d6 2. Nf3 Nf6 3. c3 g6 4. Bg5 Bg7 5. e3 O-O 6. Nbd2 Bf5 7. h3 Be4 8. Bxf6
Bxf3 9. Bxe7 Bxd1 10. Bxd8 Rxd8 11. Rxd1 Nd7 12. Bc4 Nf6 13. O-O d5 14. Bd3 Re8
15. c4 c6 16. c5 Re7 17. b4 b5 18. Nb3 Ne4 19. Bxe4 Rxe4 20. Na5 Re6 21. a4 a6
22. axb5 axb5 23. Ra1 Rb8 24. Nb3 f5 25. Ra6 Bf6 26. Rfa1 Rc8 27. Ra8 Ree8 28.
Rxc8 Rxc8 29. Ra6 Bd8 30. Na5 Bxa5 31. bxa5 Rc7 32. Rb6 Kf7 33. a6 Ke8 34. Rb7
Rc8 35. a7 1-0

[Event "25. Copenhagen Open  (Politiken Cup)"]
[Site "Copenhagen"]
[Date "2003.07.16"]
[Round "3"]
[White "Malmberg, Mio"]
[Black "Schjelderup, Nils-Jakob"]
[Result "1-0"]
[WhiteElo "2095"]
[BlackElo "1587"]
[PlyCount "61"]
[EventDate "2003.07.14"]
[EventType "swiss"]
[EventRounds "11"]
[EventCountry "DEN"]
[SourceDate "2004.01.01"]

1. d4 Nf6 2. c4 g6 3. Nc3 Bg7 4. e4 d6 5. Be2 O-O 6. Nf3 e5 7. O-O Nc6 8. Be3
Ng4 9. Bg5 Qd7 10. h3 exd4 11. Nd5 f6 12. Bh4 Nge5 13. Ne1 g5 14. Bg3 a5 15. f4
gxf4 16. Nxf4 f5 17. exf5 Rxf5 18. Nc2 Qf7 19. Bh5 Qxc4 20. Na3 Qb4 21. Nd5
Qxb2 22. Nxc7 Qxa3 23. Bxe5 Rxe5 24. Nxa8 Re3 25. Bf7+ Kh8 26. Qh5 Ne5 27. Bb3
Ng6 28. Qb5 Bxh3 29. gxh3 Qb2 30. Qg5 Bf6 31. Qxf6# 1-0

[Event "25. Copenhagen Open  (Politiken Cup)"]
[Site "Copenhagen"]
[Date "2003.07.16"]
[Round "3"]
[White "Manley, Christian"]
[Black "Olsen, Miriam Frida"]
[Result "1/2-1/2"]
[WhiteElo "1613"]
[BlackElo "2036"]
[PlyCount "146"]
[EventDate "2003.07.14"]
[EventType "swiss"]
[EventRounds "11"]
[EventCountry "DEN"]
[SourceDate "2004.01.01"]

1. c4 Nf6 2. d4 c5 3. d5 e5 4. Nc3 d6 5. e4 Be7 6. Nf3 Nbd7 7. Bd3 Nf8 8. Bd2
Ng6 9. Qc1 h5 10. h3 h4 11. Rb1 a6 12. a3 Qc7 13. b4 b6 14. bxc5 bxc5 15. Rb3
O-O 16. Ne2 Bd7 17. g3 Rab8 18. Rxb8 Rxb8 19. g4 Qc8 20. Nh2 Rb3 21. Nc3 Qb8
22. O-O Bd8 23. Bc2 Rb2 24. f3 Rb7 25. Qa1 Nh7 26. Ne2 Bg5 27. Bxg5 Nxg5 28.
Kg2 Qd8 29. Qc3 Nf8 30. Rb1 Rxb1 31. Bxb1 Ng6 32. Bc2 Qf6 33. Qe3 Nf4+ 34. Nxf4
exf4 35. Qd3 Qb2 36. Qb3 Qd4 37. Qd3 Qxd3 38. Bxd3 f6 39. Bc2 Kf8 40. Nf1 Kf7
41. Nd2 g6 42. Nb1 Kg7 43. Nc3 Nf7 44. Ba4 Ne5 45. Bxd7 Nxd7 46. Na4 Kf8 47.
Kf2 Ke7 48. Ke2 Kd8 49. Nb2 Kc7 50. Nd3 g5 51. Kd2 a5 52. Kc2 a4 53. Kc3 Kb6
54. Kc2 Nf8 55. Kd2 Ng6 56. Ke2 Nh8 57. Kd2 Nf7 58. Ke2 Kb7 59. Ke1 Ka6 60. Ke2
Nd8 61. Nb2 Nb7 62. Kd3 Na5 63. Nxa4 Nb3 64. Nc3 Nd4 65. Nb5 Nxb5 66. cxb5+
Kxb5 67. Kc3 Ka5 68. Kc2 Ka4 69. Kb2 c4 70. Kc3 Kxa3 71. Kxc4 Ka4 72. Kc3 Ka5
73. Kc4 Ka4 1/2-1/2

[Event "25. Copenhagen Open  (Politiken Cup)"]
[Site "Copenhagen"]
[Date "2003.07.16"]
[Round "3"]
[White "Matthiesen, Martin"]
[Black "Koneru, Humpy"]
[Result "1/2-1/2"]
[WhiteElo "2260"]
[BlackElo "2468"]
[PlyCount "80"]
[EventDate "2003.07.14"]
[EventType "swiss"]
[EventRounds "11"]
[EventCountry "DEN"]
[SourceDate "2004.01.01"]

1. d4 Nf6 2. c4 e6 3. Nf3 b6 4. g3 Ba6 5. b3 Bb4+ 6. Bd2 Be7 7. Bg2 Bb7 8. O-O
O-O 9. Nc3 d5 10. cxd5 exd5 11. Bf4 Na6 12. Rc1 c5 13. dxc5 bxc5 14. Ne5 Rc8
15. Qd3 Nc7 16. Rfd1 Bd6 17. Nb5 Ba6 18. a4 Nxb5 19. axb5 Bb7 20. e4 Qe8 21.
Ng4 Bxf4 22. Nxf6+ gxf6 23. gxf4 dxe4 24. Qd7 Ba8 25. Rc3 Kh8 26. Qf5 Qe6 27.
Qxe6 fxe6 28. Rd7 Rg8 29. Rg3 Rxg3 30. hxg3 Bd5 31. Rxa7 Rb8 32. Bf1 Bxb3 33.
Rc7 c4 34. Bxc4 Bxc4 35. Rxc4 Rxb5 36. Rxe4 Rb6 37. Rc4 Kg7 38. Rc8 Kg6 39.
Rg8+ Kf7 40. Ra8 Kg6 1/2-1/2

[Event "25. Copenhagen Open  (Politiken Cup)"]
[Site "Copenhagen"]
[Date "2003.07.16"]
[Round "3"]
[White "Mortensen, Henrik"]
[Black "Lonborg, Morten"]
[Result "0-1"]
[WhiteElo "2027"]
[BlackElo "2185"]
[PlyCount "72"]
[EventDate "2003.07.14"]
[EventType "swiss"]
[EventRounds "11"]
[EventCountry "DEN"]
[SourceDate "2004.01.01"]

1. e4 c5 2. Ne2 d6 3. c4 Nf6 4. Nbc3 e6 5. d4 cxd4 6. Nxd4 a6 7. Be2 Be7 8. O-O
O-O 9. Be3 b6 10. Qd2 Bb7 11. f3 Nbd7 12. Rfd1 Rc8 13. Rac1 Qc7 14. b3 Rfd8 15.
Bf1 Qb8 16. Qe2 Re8 17. Bf2 Bf8 18. Qb2 Rcd8 19. Bg3 Qa8 20. Nc2 d5 21. cxd5
exd5 22. Nxd5 Nxd5 23. exd5 Bxd5 24. Nd4 b5 25. Ne2 Bc5+ 26. Bf2 Bxf2+ 27. Kxf2
Ne5 28. Nf4 Bb7 29. Rxd8 Qxd8 30. Qc3 Qh4+ 31. g3 Qxh2+ 32. Bg2 Qh6 33. Qc7
Nd3+ 34. Nxd3 Qe3+ 35. Kf1 Qxd3+ 36. Kg1 Bxf3 0-1

[Event "25. Copenhagen Open  (Politiken Cup)"]
[Site "Copenhagen"]
[Date "2003.07.16"]
[Round "3"]
[White "Moller, Arne"]
[Black "Rorvik, Jon F"]
[Result "0-1"]
[WhiteElo "1975"]
[BlackElo "2162"]
[PlyCount "74"]
[EventDate "2003.07.14"]
[EventType "swiss"]
[EventRounds "11"]
[EventCountry "DEN"]
[SourceDate "2004.01.01"]

1. e4 e5 2. Nf3 Nc6 3. Nc3 Nf6 4. Bb5 Bc5 5. O-O O-O 6. d3 d6 7. h3 Ne7 8. a3
c6 9. Ba4 Ng6 10. Ne2 d5 11. exd5 Nxd5 12. b4 Bb6 13. c4 Nf6 14. Bb2 Qe7 15.
Ng3 Rd8 16. Qc2 Bd4 17. Nxd4 exd4 18. Rfe1 Qc7 19. c5 Be6 20. Bb3 Nf4 21. Bxe6
fxe6 22. Qc4 Rd5 23. Bxd4 Rad8 24. Bxf6 gxf6 25. Re4 Nxd3 26. Rxe6 Qf7 27. Re2
Nxf2 28. Rf1 Nd3 29. Qh4 Rd4 30. Qxf6 Qxf6 31. Rxf6 Nf4 32. Rf2 Rd1+ 33. Kh2
Ng6 34. Nf5 R8d7 35. Nd6 Rd5 36. Rf7 Rxf7 37. Rxf7 Rxd6 0-1

[Event "25. Copenhagen Open  (Politiken Cup)"]
[Site "Copenhagen"]
[Date "2003.07.16"]
[Round "3"]
[White "Moller, Frederik Oest"]
[Black "Auchenberg, Einar"]
[Result "1-0"]
[WhiteElo "1928"]
[BlackElo "1549"]
[PlyCount "21"]
[EventDate "2003.07.14"]
[EventType "swiss"]
[EventRounds "11"]
[EventCountry "DEN"]
[SourceDate "2004.01.01"]

1. e4 e5 2. Nf3 Nc6 3. Bb5 a6 4. Ba4 b5 5. Bb3 Bc5 6. O-O Nf6 7. Nxe5 Nxe5 8.
d4 Bb6 9. dxe5 Bxf2+ 10. Rxf2 Nxe4 11. Qf3 1-0

[Event "25. Copenhagen Open  (Politiken Cup)"]
[Site "Copenhagen"]
[Date "2003.07.16"]
[Round "3"]
[White "Nielsen, Borge Hjerrild"]
[Black "Hesselberg, Leif"]
[Result "1/2-1/2"]
[WhiteElo "2134"]
[BlackElo "1913"]
[PlyCount "109"]
[EventDate "2003.07.14"]
[EventType "swiss"]
[EventRounds "11"]
[EventCountry "DEN"]
[SourceDate "2004.01.01"]

1. d4 d5 2. c4 dxc4 3. Nf3 Nf6 4. e3 e6 5. Bxc4 c5 6. O-O a6 7. Nc3 cxd4 8.
Nxd4 Be7 9. Qe2 O-O 10. a3 b5 11. Bd3 Bb7 12. b4 Nc6 13. Nxc6 Bxc6 14. Bb2 Rc8
15. Rac1 Qb6 16. Rfd1 Rfd8 17. h3 Qb7 18. Qf1 Ne4 19. Bxe4 Bxe4 20. Rxd8+ Rxd8
21. Nxe4 Qxe4 22. Qe2 Qd5 23. Qc2 h6 24. Bd4 e5 25. Bb6 Rd7 26. Qc8+ Kh7 27. e4
Qb7 28. Qxb7 Rxb7 29. Rc6 Rd7 30. Be3 Rd1+ 31. Kh2 Rd6 32. Rc7 Re6 33. Ra7 Kg6
34. Kg3 Bg5 35. Kf3 Rc6 36. Bxg5 hxg5 37. Kg4 f6 38. f3 Rc2 39. Kg3 Rc6 40. h4
gxh4+ 41. Kxh4 Rd6 42. Kg4 Rc6 43. g3 Rd6 44. f4 exf4 45. gxf4 Rc6 46. f5+ Kh6
47. Kf4 g5+ 48. fxg6 Kxg6 49. Ra8 Rd6 50. Ke3 Kf7 51. Rc8 Ke6 52. Ra8 Rc6 53.
Kd4 Rc4+ 54. Kd3 Rc6 55. Kd4 1/2-1/2

[Event "25. Copenhagen Open  (Politiken Cup)"]
[Site "Copenhagen"]
[Date "2003.07.16"]
[Round "3"]
[White "Nielsen, Jan Mose"]
[Black "Dalso, Harry"]
[Result "1-0"]
[WhiteElo "2111"]
[BlackElo "1802"]
[PlyCount "87"]
[EventDate "2003.07.14"]
[EventType "swiss"]
[EventRounds "11"]
[EventCountry "DEN"]
[SourceDate "2004.01.01"]

1. c4 Nf6 2. Nc3 e6 3. d4 Bb4 4. Nf3 b6 5. Bg5 Bb7 6. e3 h6 7. Bh4 g5 8. Bg3
Ne4 9. Rc1 Nxc3 10. bxc3 Bd6 11. d5 Bxg3 12. hxg3 Qf6 13. e4 e5 14. a4 d6 15.
a5 Kf8 16. Qa4 Kg7 17. c5 bxc5 18. a6 Bc8 19. Bb5 Qe7 20. Nd2 Nd7 21. Nf1 Nb6
22. Qd1 f5 23. exf5 Bxf5 24. Ne3 Qf7 25. O-O Raf8 26. f4 exf4 27. gxf4 Qg6 28.
Qd2 Be4 29. f5 Bxf5 30. Rxf5 Rxf5 31. Bd3 Rhf8 32. Qc2 Rf2 33. Bxg6 Rxc2 34.
Bxc2 Re8 35. Kf2 h5 36. Bf5 Rf8 37. c4 Kf6 38. Ke2 Ke5 39. Bg6 Rf4 40. g3 Rd4
41. Rf1 Rxc4 42. Nxc4+ Nxc4 43. Bxh5 Kxd5 44. Bf7+ 1-0

[Event "25. Copenhagen Open  (Politiken Cup)"]
[Site "Copenhagen"]
[Date "2003.07.16"]
[Round "3"]
[White "Nielsen, Jrgen Kamp"]
[Black "Knudsen, Jes West"]
[Result "0-1"]
[WhiteElo "1170"]
[BlackElo "2015"]
[PlyCount "44"]
[EventDate "2003.07.14"]
[EventType "swiss"]
[EventRounds "11"]
[EventCountry "DEN"]
[SourceDate "2004.01.01"]

1. e4 c5 2. f4 d5 3. Bb5+ Bd7 4. Qe2 dxe4 5. Bxd7+ Qxd7 6. Qxe4 Nf6 7. Qc4 e6
8. Nc3 Nc6 9. Ne4 Nxe4 10. Qxe4 O-O-O 11. c3 e5 12. f5 g6 13. g4 h5 14. fxg6
hxg4 15. gxf7 Bh6 16. Qg2 Bg5 17. h3 Bh4+ 18. Kd1 g3 19. Kc2 Qd3+ 20. Kd1 e4
21. Qe2 Ne5 22. Qxd3 exd3 0-1

[Event "25. Copenhagen Open  (Politiken Cup)"]
[Site "Copenhagen"]
[Date "2003.07.16"]
[Round "3"]
[White "Nielsen, Michael B"]
[Black "Jensen, Benjamin Lau"]
[Result "0-1"]
[WhiteElo "1327"]
[BlackElo "1699"]
[PlyCount "50"]
[EventDate "2003.07.14"]
[EventType "swiss"]
[EventRounds "11"]
[EventCountry "DEN"]
[SourceDate "2004.01.01"]

1. e4 c5 2. Nf3 e6 3. d4 cxd4 4. Nxd4 Nc6 5. Nxc6 bxc6 6. Bd3 d5 7. O-O Qb6 8.
Nc3 Nf6 9. Na4 Qc7 10. f3 Bd6 11. h3 O-O 12. Nc3 Nh5 13. Ne2 Bc5+ 14. Kh1 Ng3+
15. Nxg3 Qxg3 16. Qe1 Qc7 17. exd5 exd5 18. Qh4 h6 19. Re1 Bd6 20. g4 Bg3 21.
Qe7 Qb6 22. Be3 d4 23. Qe4 f5 24. gxf5 Bxf5 25. Bc4+ Kh8 0-1

[Event "25. Copenhagen Open  (Politiken Cup)"]
[Site "Copenhagen"]
[Date "2003.07.16"]
[Round "3"]
[White "Nielsen, Palle"]
[Black "Hansen, Ejlif Trier"]
[Result "1-0"]
[WhiteElo "1650"]
[BlackElo "1291"]
[PlyCount "59"]
[EventDate "2003.07.14"]
[EventType "swiss"]
[EventRounds "11"]
[EventCountry "DEN"]
[SourceDate "2004.01.01"]

1. e4 c5 2. f4 e6 3. Nf3 Nc6 4. c3 Nf6 5. d3 d5 6. e5 Nd7 7. Be2 Be7 8. O-O O-O
9. Be3 f6 10. d4 b6 11. Nbd2 c4 12. g4 Rf7 13. Qc2 Nf8 14. Kg2 fxe5 15. dxe5
Ng6 16. Ng1 Qf8 17. Nh3 Bb7 18. Nf3 Nh4+ 19. Kg3 Nxf3 20. Bxf3 Rd8 21. Rad1 g6
22. g5 Rd7 23. Nf2 Nxe5 24. Bg4 Nxg4 25. Nxg4 Qe8 26. Nh6+ Kf8 27. Bd4 Qb8 28.
Nxf7 Kxf7 29. Qe2 Bxg5 30. Be5 1-0

[Event "25. Copenhagen Open  (Politiken Cup)"]
[Site "Copenhagen"]
[Date "2003.07.16"]
[Round "3"]
[White "Nilsson, Jonas"]
[Black "Eddy, Samuel"]
[Result "0-1"]
[WhiteElo "1631"]
[BlackElo "2055"]
[PlyCount "132"]
[EventDate "2003.07.14"]
[EventType "swiss"]
[EventRounds "11"]
[EventCountry "DEN"]
[SourceDate "2004.01.01"]

1. b4 e5 2. Bb2 d5 3. Bxe5 Nc6 4. Bb2 Nxb4 5. e3 Nf6 6. Nf3 Bg4 7. Be2 Be7 8.
O-O O-O 9. d3 Re8 10. Nbd2 c5 11. a3 Nc6 12. Rb1 Rb8 13. Ne5 Be6 14. Nxc6 bxc6
15. c4 d4 16. e4 Nd7 17. f4 f5 18. Qa4 Qc7 19. e5 g5 20. g3 gxf4 21. gxf4 Nxe5
22. fxe5 Qxe5 23. Rf2 Bh4 24. Rg2+ Kh8 25. Nf1 Rg8 26. Bf3 f4 27. Kh1 Bh3 28.
Rxg8+ Rxg8 29. Qxc6 Bf2 30. Ng3 fxg3 31. hxg3 Bxg3 32. Rg1 Bf5 33. Qd5 Qf4 34.
Rg2 Qh4+ 35. Kg1 Bf2+ 36. Kf1 Bxd3+ 37. Be2 Qh1+ 38. Kxf2 Rxg2+ 39. Qxg2 Qxg2+
40. Kxg2 Bxe2 41. a4 Kg7 42. Ba3 Bxc4 43. Kf2 d3 44. Ke3 Kf6 45. Bxc5 a6 46.
Bb4 Ke5 47. Bc3+ Kd5 48. Bf6 Kc5 49. Be7+ Kd5 50. Bf6 h5 51. Bg5 Ke5 52. Be7
Kf5 53. Bb4 Kg4 54. Kf2 h4 55. Kg2 h3+ 56. Kf2 Bd5 57. Bd6 Be4 58. Ke3 Bf5 59.
Bc7 Kg5 60. Be5 Kg6 61. Kf3 Kf7 62. Bc3 Ke6 63. Bd2 Kd5 64. Bf4 Kc4 65. a5 Kc3
66. Kf2 Kc2 0-1

[Event "25. Copenhagen Open  (Politiken Cup)"]
[Site "Copenhagen"]
[Date "2003.07.16"]
[Round "3"]
[White "Nilsson, Nils Specht"]
[Black "Christensen, Janus"]
[Result "1/2-1/2"]
[WhiteElo "2149"]
[BlackElo "1951"]
[PlyCount "163"]
[EventDate "2003.07.14"]
[EventType "swiss"]
[EventRounds "11"]
[EventCountry "DEN"]
[SourceDate "2004.01.01"]

1. e4 c5 2. Ne2 d6 3. d3 g6 4. g3 Bg7 5. Bg2 Nc6 6. O-O e6 7. f4 Nge7 8. c3 O-O
9. Be3 Qa5 10. Nd2 Rd8 11. g4 f5 12. Ng3 fxg4 13. Qxg4 Qb5 14. Nc4 d5 15. a4
Qa6 16. Ne5 d4 17. cxd4 cxd4 18. Nxc6 Nxc6 19. Bc1 Qxd3 20. Rd1 Qb3 21. e5 d3
22. Ra3 Qb6+ 23. Kh1 d2 24. Bxd2 Qxb2 25. Bc1 Qb6 26. Ne4 Ne7 27. Rad3 Nd5 28.
Nf6+ Bxf6 29. exf6 Rf8 30. Ba3 Ne3 31. f7+ Rxf7 32. Rxe3 Qxe3 33. Rd8+ Kg7 34.
Bb2+ e5 35. Qg3 Qxg3 36. hxg3 Rf8 37. Bxe5+ Kf7 38. Rd4 Re8 39. Bd5+ Be6 40.
Bxb7 Rad8 41. a5 Rxd4 42. Bxd4 a6 43. Bb6 Bc4 44. Kg2 Ke6 45. Kh3 Kf5 46. Kh4
h6 47. Bc7 g5+ 48. Kh5 gxf4 49. g4+ Kf6 50. Bxf4 Be2 51. Bg2 Rc8 52. Bd2 Rc2
53. Bxh6 Bxg4+ 54. Kxg4 Rxg2+ 55. Kf4 Ke7 56. Bg5+ Kd7 57. Bh4 Re2 58. Bf6 Rf2+
59. Kg5 Rf3 60. Bd4 Rb3 61. Kf4 Kc6 62. Ke4 Kb5 63. Bb6 Kc4 64. Ke5 Rd3 65. Ke4
Rd7 66. Ke3 Rd6 67. Bc7 Rc6 68. Bb6 Kb3 69. Kd4 Kb4 70. Kd3 Kb5 71. Kd4 Rh6 72.
Kc3 Rd6 73. Kc2 Kb4 74. Kc1 Kb3 75. Bf2 Rc6+ 76. Kd1 Rc4 77. Bb6 Kb2 78. Kd2
Kb3 79. Kd3 Kb4 80. Kd2 Kb5 81. Kd3 Rc6 82. Kd4 1/2-1/2

[Event "25. Copenhagen Open  (Politiken Cup)"]
[Site "Copenhagen"]
[Date "2003.07.16"]
[Round "3"]
[White "Ottosen, Peder"]
[Black "McShane, Rod"]
[Result "1-0"]
[WhiteElo "1830"]
[BlackElo "1500"]
[PlyCount "41"]
[EventDate "2003.07.14"]
[EventType "swiss"]
[EventRounds "11"]
[EventCountry "DEN"]
[SourceDate "2004.01.01"]

1. d4 d5 2. c4 c6 3. Nf3 Nf6 4. Nc3 e6 5. e3 Be7 6. Bd3 O-O 7. O-O Nbd7 8. a3
b6 9. b4 dxc4 10. Bxc4 Bb7 11. e4 Qc8 12. Bg5 Re8 13. e5 Nd5 14. Ne4 c5 15.
Bxe7 Nxe7 16. Nd6 Qb8 17. Nxe8 Qxe8 18. Bb5 a6 19. Bxd7 Qxd7 20. dxc5 Qc6 21.
Qd6 1-0

[Event "25. Copenhagen Open  (Politiken Cup)"]
[Site "Copenhagen"]
[Date "2003.07.16"]
[Round "3"]
[White "Paaske, Asger"]
[Black "Wilsbeck, Jan Borge"]
[Result "1/2-1/2"]
[WhiteElo "2162"]
[BlackElo "1975"]
[PlyCount "110"]
[EventDate "2003.07.14"]
[EventType "swiss"]
[EventRounds "11"]
[EventCountry "DEN"]
[SourceDate "2004.01.01"]

1. e4 c5 2. c3 d5 3. exd5 Qxd5 4. d4 Nc6 5. Nf3 Bg4 6. Be2 e6 7. O-O Nf6 8. h3
Bh5 9. Be3 cxd4 10. cxd4 Be7 11. Nc3 Qd8 12. g4 Bg6 13. Ne5 Nd5 14. Nxd5 Qxd5
15. Bc4 Qe4 16. Nxc6 bxc6 17. Re1 h5 18. Bg5 Qc2 19. Qxc2 Bxc2 20. Bxe7 Kxe7
21. Rac1 Bg6 22. d5 cxd5 23. Bxd5 Rad8 24. Be4 Bxe4 25. Rxe4 hxg4 26. hxg4 Rd7
27. Rec4 Rb8 28. b3 Rb5 29. Kg2 Rbd5 30. Rc7 Rd2 31. R1c2 Rxc2 32. Rxc2 g5 33.
Rc5 Kf6 34. Ra5 Kg6 35. Ra6 Kf6 36. Kg3 Rd3+ 37. f3 Rd7 38. b4 Rb7 39. a3 Ke5
40. Ra5+ Kf6 41. b5 Ke7 42. a4 Kd6 43. Kf2 Kc5 44. Ke3 Rd7 45. Ra6 Kd5 46. Rc6
f5 47. gxf5 exf5 48. Rg6 Kc4 49. Rxg5 Kb4 50. Rxf5 Kxa4 51. f4 Rb7 52. Re5 Rxb5
53. Rxb5 Kxb5 54. Kd4 Kc6 55. Ke5 a5 1/2-1/2

[Event "25. Copenhagen Open  (Politiken Cup)"]
[Site "Copenhagen"]
[Date "2003.07.16"]
[Round "3"]
[White "Pallesen, Jacob"]
[Black "Byklum, Bjornar"]
[Result "1/2-1/2"]
[WhiteElo "2056"]
[BlackElo "2214"]
[PlyCount "76"]
[EventDate "2003.07.14"]
[EventType "swiss"]
[EventRounds "11"]
[EventCountry "DEN"]
[SourceDate "2004.01.01"]

1. d4 Nf6 2. Nf3 g6 3. c4 c5 4. e3 Bg7 5. Nc3 O-O 6. Bd3 d6 7. O-O Nc6 8. d5
Nb4 9. Bb1 e6 10. a3 Na6 11. e4 Re8 12. Bg5 h6 13. Bd2 Nc7 14. dxe6 Bxe6 15.
Bd3 a6 16. Qc2 Bg4 17. Ne1 Bd7 18. a4 Bc6 19. Nf3 b6 20. Rfe1 Nd7 21. Nd5 Ne6
22. Bc3 Ne5 23. Nxe5 dxe5 24. Qd2 Rb8 25. Bc2 Nd4 26. b3 b5 27. axb5 axb5 28.
Ra7 Bxd5 29. exd5 b4 30. Bxd4 exd4 31. Kf1 Qd6 32. g3 Ra8 33. Rxe8+ Rxe8 34.
Bd3 h5 35. Qd1 Qf6 36. Kg2 Bf8 37. Ra1 Kg7 38. Qf3 Qxf3+ 1/2-1/2

[Event "25. Copenhagen Open  (Politiken Cup)"]
[Site "Copenhagen"]
[Date "2003.07.16"]
[Round "3"]
[White "Pedersen, Kaj Vinding"]
[Black "Pedersen, Bent O"]
[Result "1/2-1/2"]
[WhiteElo "1553"]
[BlackElo "2058"]
[PlyCount "82"]
[EventDate "2003.07.14"]
[EventType "swiss"]
[EventRounds "11"]
[EventCountry "DEN"]
[SourceDate "2004.01.01"]

1. d4 Nf6 2. Nf3 g6 3. c4 Bg7 4. Nc3 d5 5. e3 O-O 6. Be2 c5 7. dxc5 Qa5 8. O-O
Qxc5 9. cxd5 Rd8 10. e4 e6 11. Be3 Qb4 12. Qc2 exd5 13. Nxd5 Nxd5 14. exd5 Bf5
15. Qc4 Qxc4 16. Bxc4 Nd7 17. Bd4 Nf6 18. Rad1 Be4 19. Bxf6 Bxf6 20. Rd2 Rd6
21. Rfd1 Rc8 22. b3 Rc5 23. Kf1 b5 24. Bd3 Bxf3 25. gxf3 Rcxd5 26. Ke2 Bc3 27.
Rc2 b4 28. a3 a5 29. axb4 axb4 30. f4 Rh5 31. Rh1 Rh3 32. Bc4 Rf6 33. Kf1 Rf3
34. Kg2 R3xf4 35. Rd1 Kg7 36. Rd3 h5 37. h3 g5 38. f3 g4 39. fxg4 hxg4 40. hxg4
Rxg4+ 41. Rg3 Rgg6 1/2-1/2